Κατάλογος Βιβλιοθηκών Mediterranean College

Ο δρόμος ο λιγότερο ταξιδεμένος : (Record no. 10040)

MARC details
000 -LEADER
fixed length control field 02866nam a22002417a 4500
003 - ΤΑΥΤΟΤΗΤΑ ΤΟΥ ΑΡΙΘΜΟΥ ΕΛΕΓΧΟΥ
Πεδίο ελέγχου GR-AtMCL
005 - ΗΜΕΡΟΜΗΝΙΑ ΚΑΙ ΩΡΑ ΤΕΛΕΥΤΑΙΑΣ ΕΝΗΜΕΡΩΣΗΣ
Πεδίο ελέγχου 20260113134910.0
006 - FIXED-LENGTH DATA ELEMENTS--ADDITIONAL MATERIAL CHARACTERISTICS
Πεδίο ελέγχου σταθερού μήκους a|||||r|||||||||||
008 - FIXED-LENGTH DATA ELEMENTS--GENERAL INFORMATION
Πεδίο ελέγχου σταθερού μήκους n2020||||gr g ||| gre d
020 ## - ISBN
ISBN 9789606352096
040 ## - ΠΗΓΗ ΚΑΤΑΛΟΓΟΓΡΑΦΗΣΗΣ
Γλώσσα καταλογογράφησης Ελληνικά, Μοντέρνα (1453-)
Φορέας πρωτότυπης καταλογογράφησης MC Athens Campus Library
Modifying agency MC Athens Campus Library
Κανόνες περιγραφικής καταλογογράφησης AACR2
041 1# - ΓΛΩΣΣΑ
Κωδικός γλώσσας πρωτότυπου Αγγλικά
100 ## - MAIN ENTRY--PERSONAL NAME
Personal name Peck, Scott M.
9 (RLIN) 10255
245 02 - ΤΙΤΛΟΣ ΚΑΙ ΔΗΛΩΣΗ ΥΠΕΥΘΥΝΟΤΗΤΑΣ
Τίτλος Ο δρόμος ο λιγότερο ταξιδεμένος :
Remainder of title μια νέα ψυχολογία της αγάπης, των παραδοσιακών αξιών και της πνευματικής ανάπτυξης /
Statement of responsibility, etc. M. Scott Peck ; μετάφραση Σοφία Ανδρεοπούλου
260 ## - PUBLICATION, DISTRIBUTION, ETC.
Place of publication, distribution, etc. Αθήνα :
Name of publisher, distributor, etc. Πεδίο,
Date of publication, distribution, etc. 2020
300 ## - PHYSICAL DESCRIPTION
Extent 462 σ. ;
Διαστάσεις 21 εκ.
500 ## - GENERAL NOTE
Γενική σημείωση Τίτλος πρωτοτύπου: The road less travelled
520 ## - SUMMARY, ETC.
Summary, etc. Κανένα άλλο κείμενο δεν άλλαξε τόσο τη διανοητική και πνευματική ζωή μιας ολόκληρης γενιάς ανθρώπων όσο αυτό το εκπληκτικό βιβλίο. Σε αυτό ο Δρ Scott Peck, διάσημος ψυχίατρος και συγγραφέας, μας παρουσιάζει τη νέα «ψυχολογία της αγάπης»: έναν διαφορετικό τρόπο να βλέπουμε τη ζωή, τον εαυτό μας και τους άλλους. Οι εμβριθείς ιδέες, τα ζωντανά παραδείγματα, οι συναρπαστικές ιστορίες και τα τεκμηριωμένα επιστημονικά δεδομένα θα μας βοηθήσουν να κατανοήσουμε σε βάθος τον τρόπο με τον οποίο μπορούμε να διαχειριστούμε τα προβλήματά μας, να βελτιώσουμε τις σχέσεις μας και να βρούμε εσωτερική γαλήνη και φώτιση. Πορευόμενος μέσα στα δύσβατα μονοπάτια των ανθρώπινων ιδεών και σχέσεων, ο συγγραφέας ανοίγει για εμάς τον δρόμο προς την πνευματική ανάπτυξη, την εσωτερική ισορροπία - και τελικά προς μια ολοκληρωμένη και γεμάτη νόημα ζωή. Από τα μεγαλύτερα μπεστ σέλερ του είδους του, "Ο δρόμος ο λιγότερο ταξιδεμένος" έχει μεταφραστεί σε περισσότερες από είκοσι γλώσσες και έχει επηρεάσει βαθιά με τις ιδέες του εκατομμύρια ανθρώπους σε όλο τον κόσμο.
650 #0 - SUBJECT ADDED ENTRY--TOPICAL TERM
Topical term or geographic name entry element Ψυχολογία
9 (RLIN) 9898
650 #0 - SUBJECT ADDED ENTRY--TOPICAL TERM
Topical term or geographic name entry element Αυτοπραγμάτωση (Ψυχολογία)
942 ## - ADDED ENTRY ELEMENTS (KOHA)
Koha item type Books
Holdings
Τύπος τεκμηρίου Βιβλιοθήκη Τρέχουσα τοποθεσία Barcode Αριθμός εισαγωγής Ημερομηνία απόκτησης Ταξιθετικό σύμβολο Αριθμός αντιτύπου Κατάσταση απόσυρσης Κατάσταση χαμένου Κατάσταση κατεστραμμένου Μη δανεισμός Σύνολο δανεισμών Ημερομηνία τελευταίας εμφάνισης Η τιμή ισχύει από
Books MC Athens Campus Library MC Athens Campus Library 9780000100481 8241 13/01/2026 158 PEC 1           13/01/2026 13/01/2026

MC Athens Campus Library
Πατησίων 94 & Κοδριγκτώνος 13, 104 34
Πελλήνης 8 & Πατησίων 107, 112 51
Τ: +30 210 8899600

MC Thessaloniki Campus Library
Ίωνος Δραγούμη 21, 54625 | Ίωνος Δραγούμη 15, 54625
Τ: +30 2310 287779 – Τ: +30 2314 440300